000 00825cam a2200253 i 4500
999 _c41138
_d41138
001 3667529
003 OSt
005 20210925123313.0
008 780517s1978 maua 000 0 eng
010 _a 77073950
020 _a9780332535169
040 _aDLC
_cDLC
_dDLC
_dICU
050 0 0 _aQC482.D5
_bC84 1978
082 0 0 _a537.53
_bCUL/E
100 1 _aCullity, B. D.
_q(Bernard Dennis)
_98854
245 1 0 _aElements of x-ray diffraction /
_cB. D. Cullity.
250 _a3rd ed.
260 _aReading, Mass. :
_bAddison-Wesley Pub. Co.,
_cc2013.
300 _a 652 p. :
_bill. ;
_c25 cm.
490 0 _aAddison-Wesley series in metallurgy and materials
650 0 _aX-rays
_xDiffraction.
906 _a7
_bcbc
_corignew
_d2
_eopcn
_f19
_gy-gencatlg
942 _2ddc
_cBK
_h537.53
_iCUL/E
_k537.53
_mCUL/E